La respuesta de los directores escolares ante las políticas de inclusión escolar en Chile (Record no. 201237)

MARC details
000 -CABECERA
campo de control de longitud fija 01890nab a2200265 a 4500
005 - FECHA Y HORA DE LA ÚLTIMA TRANSACCIÓN
campo de control 20250221063809.0
008 - ELEMENTOS DE LONGITUD FIJA--INFORMACIÓN GENERAL
campo de control de longitud fija 991125c2018 cl fr p o 000 0 spa d
035 ## - NÚMERO DE CONTROL DEL SISTEMA
Número de control de sistema UPN01000229142
040 ## - FUENTE DE LA CATALOGACIÓN
Centro catalogador/agencia de origen MX-MxUPN
Lengua de catalogación spa
Centro/agencia transcriptor MX-MxUPN
Normas de descripción aacr2
049 ## - COLECCIÓN
Colección ART-E
100 1# - ASIENTO PRINCIPAL--NOMBRE PERSONAL
Nombre de persona Quiroga, Marta
Enlace - marta.quiroga@pucv.cl
100 1# - ASIENTO PRINCIPAL--NOMBRE PERSONAL
Nombre de persona Aravena, Felipe
245 13 - MENCIÓN DE TÍTULO
Título La respuesta de los directores escolares ante las políticas de inclusión escolar en Chile
Medio [recurso electrónico en línea]
506 0# - NOTA DE RESTRICCIONES AL ACCESO
Limitaciones de acceso Acceso abierto
520 3# - NOTA DE RESUMEN, ETC.
Sumario, etc. Chile presenta uno de los sistemas educativos más segregados del mundo. La inclusión es una oportunidad para revertir este dramático escenario educativo. El presente estudio tiene por objetivo indagar cuáles serían las condiciones necesarias para la instalación de prácticas educativas inclusivas en establecimientos escolares chilenos, desde la perspectiva de siete directores escolares. Este estudio, a través de una metodología mixta, utilizando la técnica concept mapping y un análisis factorial de los datos, concluye que los recursos, la actitud personal y las políticas públicas son las tres variables más importantes que influyen en la instalación de prácticas inclusivas. Los resultados de esta investigación aportan al debate de la política pública nacional con información clave para los tomadores de decisión, con el fin de desplegar acciones tendientes a mitigar las resistencias que trae consigo el incluir a otros.
650 #4 - ASIENTO SECUNDARIO DE MATERIA - TERMINO TEMATICO
Término de materia o nombre geográfico como elemento de entrada Integración escolar
9 (RLIN) 306
650 #4 - ASIENTO SECUNDARIO DE MATERIA - TERMINO TEMATICO
Término de materia o nombre geográfico como elemento de entrada Directores de escuelas
9 (RLIN) 2851
650 #4 - ASIENTO SECUNDARIO DE MATERIA - TERMINO TEMATICO
9 (RLIN) 3026
Término de materia o nombre geográfico como elemento de entrada Liderazgo educativo
653 0# - TERMINO DE INDIZACION - NO CONTROLADO
Término no controlado Chile (país)
773 ## - ENLACE AL DOCUMENTO FUENTE/ENTRADA DE REGISTRO ANFITRIÓN
Parte(s) relacionada(s) No. 49 (2018 ) p. 82-111
Título Calidad en la educación
Número Internacional Normalizado para Publicaciones Seriadas 0717-4004
856 40 - LOCALIZACIÓN Y ACCESO ELECTRÓNICOS
Identificador Uniforme del Recurso <a href="https://calidadenlaeducacion.cl/index.php/rce/article/view/577/512">https://calidadenlaeducacion.cl/index.php/rce/article/view/577/512</a>
902 ## - ELEMENTOS DE DATOS B LOCAL, LDB (RLIN)
Creó Gloria Jiménez
Modificó Gloria Jiménez/260523
905 ## - TIPO DE MATERIAL
Tipo de material Articulo
942 ## - ELEMENTOS DE PUNTO DE ACCESO ADICIONAL (KOHA)
Tipo de ítem Koha Artículo Electrónico
Holdings
Estado de retiro Estado de pérdida Estado dañado No para préstamo Código de colección Localización permanente Ubicación/localización actual Ubicación en estantería Fecha de adquisición Total de préstamos Fecha visto por última vez Identificador Uniforme del Recurso Precio válido a partir de Tipo de ítem Koha
        Acceso abierto Bib. Gregorio Torres Quintero Bib. Gregorio Torres Quintero En línea 26/05/2023   26/05/2023 https://calidadenlaeducacion.cl/index.php/rce/article/view/577/512 26/05/2023 Artículo Electrónico